000 02078ncm0a2200361 4500
001 RU\NLR\ONIZ\216307
005 20250626045213.0
021 _aRU
_b10-460н
_910-39н
035 _aRU\NLR\ONIZ\lanatalya\5000004673\20170127143817
035 _a(NLR Aleph) 011338654
090 _a11179577
_c11179577
100 _a20170127d2010 |||y0rusy50 ca
101 0 _arus
102 _aRU
145 0 _aa
200 1 _aПеснопения Страстной седмицы
_bНоты
_eнот. сб.
_fсост. архимандрит Матфей (Мормыль)
_gБлаготаоврительный фонд "Благо", Свято-Троицкий Ново-Голутвин женский монастырь
210 _aМосква
_c[Б. и.]
_d2010
215 _a431, [1]
_cил.
_d30 см
313 _aСистематизация документа проведена по изданию - Методика классифицирования музыкальных произведений (нотных изданий) по таблицам Библиотечно-библиографических классификаций : метод. рекомендации / Гос. б-ка СССР им. В.И. Ленина.- М., 1977. Индексу ББК методических рекомендаций присваивается код ББК для научных библиотек - LBC/SL
686 _aЩ99(28)я43
_vLBC/SL
_2rubbk
700 0 _9z03790
_aМатфей
_cМормыль Л. В. ; 1938-2009
_4220
712 0 2 _aБлаготворительный фонд "Благо"
_4570
712 0 2 _aСвято-Троицкий Ново-Голутвин женский монастырь
_4570
790 0 _9z03700
_aMatfey
_cMormyl L. V.; 1938-2009
_4220
_7ba
801 0 _aRU
_bNLR
_c20170127
_gPSBO
801 1 _aRU
_bNLR
_c20170127
_2rusmarc
801 2 _aRU
_bNLR
_c20190630
852 _aNLR
_bМ
_j3/11526
_pМОЭ 2010-39н/460н
_t1
852 _aNLR
_bМ
_j3/11526а
_pМОЭ 2010-39н/460на
_t2
942 _cSCORE
980 _aNB
980 _aONIZ